00582pab a2200169 454500008004000000100002100040245007200061260000900133300001200142362001200154650003500166650002200201773005600223909001000279999001700289952010600306180718b2003 xxu||||| |||| 00| 0 eng d aJain, Randhir B. aImplementing party reforms in South Asia: challenges and strategies c2003 ap.1-23. aJan-Dec aPolitical parties - South Asia aPolitical parties aJournal of Constitutional and Parliamentary Studies a64754 c64754d64754 00104070aIIPAbIIPAd2018-07-19hVolume no: 37, Issue no: 1-4pAR65206r2018-07-19w2018-07-19yAR